Travel And TourismJCTC Quiz Stats

 Plays Quiz not verified by Sporcle

Challenge
Share
Tweet
Embed
Score 0/24 Timer 10:00
0 Plays Today
hint % Correct
The geographic location to which a traveler is going.Customer
66.7%
The buyer of a product or service.Consumer
60%
All the components of the travel industry used to serve the needs and wants of tourists and to attract travelers to a destination.Tour
53.3%
The actual user of a product or service.Client
50%
A person or company that acts as a link between the producer of a product or service and the consumer of that product or service.Euro
46.7%
A trip taken by choice rather than out of necessity.Destination
43.3%
The process of building and nurturing ongoing, solid relationships with customers.Needs
40%
Things a person may like to have but which are not critica.Wants
40%
A person or business that pays for professional services or products of people or businessesAttractions
36.7%
Activities planned around specific events or activities in an area.E-commerce
23.3%
A term used in relating the monetary system used in the European Union (EU).Events
23.3%
A prearranged, prepaid journey, usually including an itinerary of leisure activities, to one or more destinations and a return to the point of origin.Theme park
23.3%
hint % Correct
A person who travels at least 100 miles from home to visit an area for business and/or pleasure for 24 hours or more.Tourism
23.3%
Identifiable changes in consumers’ preferences for activities, goods, and services.Trends
23.3%
non-resident visitor arrivals to the United StatesIntermediary
20%
The moment that an employee interacts with a customer related to a business activity.Mass tourism
20%
Things a person must have to exist, such as food, shelter, and clothing.Moment of truth
20%
The business segment that provides transportation, lodging, dining, attractions, entertainment, guide services, and other travel elements related to tourism.Travel industry
20%
An amusement park in which the rides, attractions, shows, and buildings revolve around a central theme or group of themes.Target market
16.7%
The sale of products and services over a Web site.Discretionary travel
13.3%
A middleman, such as a travel agent, who sells directly to the customer.Relationship marketing
13.3%
The market that a company has identified and toward which marketing efforts are directed.Retailer
10%
The business philosophy that focuses on understanding and meeting the needs of customers.International tourism
10%
A twentieth century trend during which the working and middle classes began traveling in large numbers for leisure purposes.Marketing concept
10%

You're not logged in!

Compare scores with friends on all Sporcle quizzes.
Join for Free
OR
Log In

You Might Also Like...

Show Comments

Extras

Created Aug 18, 2011ReportNominate
Tags:tourism, travel

Top Quizzes Today


Score Distribution

Your Account Isn't Verified!

In order to create a playlist on Sporcle, you need to verify the email address you used during registration. Go to your Sporcle Settings to finish the process.

Report this User

Report this user for behavior that violates our Community Guidelines.

Details: